Papiyon NWA : (Registro nro. 606)
[ vista simple ]
| 000 -LEADER | |
|---|---|
| fixed length control field | 01095nam a22002417a 4500 |
| 003 - CONTROL NUMBER IDENTIFIER | |
| control field | AR-RoUNCS |
| 005 - DATE AND TIME OF LATEST TRANSACTION | |
| control field | 20250924145226.0 |
| 008 - FIXED-LENGTH DATA ELEMENTS--GENERAL INFORMATION | |
| fixed length control field | 250924t2023 ag |||||r|||| 00| fdspa d |
| 020 ## - INTERNATIONAL STANDARD BOOK NUMBER | |
| International Standard Book Number | 978-987-4996-90-9 |
| 040 ## - CATALOGING SOURCE | |
| Transcribing agency | AR-RoUNCS |
| 080 ## - UNIVERSAL DECIMAL CLASSIFICATION NUMBER | |
| Authority record control number or standard number | 82-312.6(729) |
| 100 1# - MAIN ENTRY--PERSONAL NAME | |
| Personal name | Glésile, Robenson, |
| Dates associated with a name | 1985- |
| Relator term | autor |
| 245 10 - TITLE STATEMENT | |
| Title | Papiyon NWA : |
| Remainder of title | relatos y experiencias de un haitiano / |
| Statement of responsibility, etc. | Robenson Glésile. |
| 246 3# - VARYING FORM OF TITLE | |
| Title proper/short title | Mariposa negra |
| 250 ## - EDITION STATEMENT | |
| Edition statement | 1a ed. |
| 260 ## - PUBLICATION, DISTRIBUTION, ETC. | |
| Place of publication, distribution, etc. | Córdoba : |
| Name of publisher, distributor, etc. | Quo Vadis Ediciones, |
| Date of publication, distribution, etc. | 2023. |
| 300 ## - PHYSICAL DESCRIPTION | |
| Extent | 132 p. ; |
| Dimensions | 21 cm. |
| 500 ## - GENERAL NOTE | |
| General note | Robenson Glésile nació en Haití, en 1985. Es activista antirracista y Defensor de los DDHH; Miembro del grupo de estudios sobre Migraciones (UNR); cofundador de la Fundación Jèn Mapou Haití y analista de temas relacionados con su país. En 2011 migró a Rosario, Argentina, donde reside desde entonces. Este es su primer libro de relatos, que fue declarado de "Interés Municipal" por el Consejo de Rosario en el año 2023. |
| 650 #4 - SUBJECT ADDED ENTRY--TOPICAL TERM | |
| Topical term or geographic name entry element | LITERATURA HAITIANA |
| 655 #4 - INDEX TERM--GENRE/FORM | |
| Genre/form data or focus term | NOVELA |
| 655 #4 - INDEX TERM--GENRE/FORM | |
| Genre/form data or focus term | AUTOBIOGRAFÍA |
| 942 ## - ADDED ENTRY ELEMENTS (KOHA) | |
| Source of classification or shelving scheme | Universal Decimal Classification |
| Koha item type | Libro de préstamo a domicilio |
| Suppress in OPAC | No |
| Withdrawn status | Lost status | Source of classification or shelving scheme | Damaged status | Not for loan | Collection | Home library | Current library | Date acquired | Source of acquisition | Total checkouts | Full call number | Barcode | Date last seen | Price effective from | Koha item type |
|---|---|---|---|---|---|---|---|---|---|---|---|---|---|---|---|
| Universal Decimal Classification | Colección General | Biblioteca Escuela de Ciencias Sociales | Biblioteca Escuela de Ciencias Sociales | 24/09/2025 | Donación de Robenson Gléside 2025 | 82-312.6(729) | 001447 | 24/09/2025 | 24/09/2025 | Libro de préstamo a domicilio |